000 00577nam a22001817a 4500
005 20180530123802.0
010 _aENG-123121
020 _a9789387370005
_c800.00
035 _aEN-106653
037 _bDBAD/PUB.
082 _a331.40954
245 _aWorking women in India:
_cedited by Archana Yadav
_bkey issues /
260 _aNew Delhi
_bAlterNotes Press
_c2018
270 _a161/55,Hasrat Mohani Lane, Ghafoor Nager Road Jamia Nager,
_bNew Delhi
_e110025
300 _a267p.
_b23cm(Hb)
700 _dYadav, Archana
942 _2ddc
_cEN
_h331.40954
_mWOR
999 _c152342
_d152342